000
00254nam a22001217a 4500
008
180213b xxu||||| |||| 00| 0 eng d
041
_a
eng
080
_a
7
100
_a
41
101
_a
AR
245
_a
THE IMPRESSIONISTS
_c
ROBERT.K
942
_2
udc
_c
BK
999
_c
42428
_d
42428